• 首页
  • 本馆介绍
  • 公告通知
  • 最新文献
  • 馆藏检索
  • 电子资源
  • 读者导购
  • 参考咨询
  • 我的图书馆
  • 登录
  • 详细信息显示
  • 放入我的书架
  • 预约/预借图书
  • 作者相关作品
  • 分类相关作品
  • 丛书相关作品
  • 出版社相关作品

书目信息

  • 表格格式
  • 工作单格式
  • 卡片格式
题名:
全球智库观点
    
 
作者: 张宇燕 主编
分册:  
出版信息: 北京   中国社会科学出版社  2016
页数: 442页
开本: 24cm
丛书名: 智库丛书
单 册:
中图分类: D5-53 , F112-53
科图分类:
主题词: 国际政治--guo ji zheng zhi--文集 , 世界经济--shi jie jing ji--文集
电子资源:
ISBN: 978-7-5161-9510-9
000 01143nam0 22003011 450
001 0119171345
005 20170619171345.0
010    @a978-7-5161-9510-9@dCNY99.00
100    @a20170407d2016 em y0chiy50 ea
101 0  @achi
102    @aCN@b110000
105    @ay z 000yy
106    @ar
200 1  @a全球智库观点@9quan qiu zhi ku guan dian@e影响全球决策的声音@f张宇燕主编
210    @a北京@c中国社会科学出版社@d2016
215    @a442页@d24cm
225 2  @a智库丛书@9zhi ku cong shu
300    @a中国社会科学院创新工程学术出版资助项目
330    @a本书分世界热点、全球治理、经济政策、聚焦中国、战略观察五大板块,收录了《美联储的不确定一跃》《美联储加息对东盟五国负债企业的重大影响》《超越TTP:塑造亚洲经济战略》《人民币加入SDR货币篮子是小题大做么》等文章。
461  0 @12001 @a智库丛书
517 1  @a影响全球决策的声音@9ying xiang quan qiu jue ce de sheng yin
606 0  @a国际政治@9guo ji zheng zhi@j文集
606 0  @a世界经济@9shi jie jing ji@j文集
690    @aD5-53@v5
690    @aF112-53@v5
701  0 @a张宇燕@9zhang yu yan@f(1960~)@4主编
801  0 @aCN@b百万庄@c20170617
905    @b1013193-8@dD5-53@e217@f6
    
    全球智库观点:影响全球决策的声音/张宇燕主编 .-北京:中国社会科学出版社,2016
    442页;24cm.-(智库丛书)
    中国社会科学院创新工程学术出版资助项目
    
    ISBN 978-7-5161-9510-9:CNY99.00
    本书分世界热点、全球治理、经济政策、聚焦中国、战略观察五大板块,收录了《美联储的不确定一跃》《美联储加息对东盟五国负债企业的重大影响》《超越TTP:塑造亚洲经济战略》《人民币加入SDR货币篮子是小题大做么》等文章。
●
相关链接 在E读中查询图书 在五车中查询图书 在当当中查询图书 在豆瓣中查询图书


正题名:全球智库观点     索取号:D5-53/217         预约/预借

序号 登录号 条形码 馆藏地/架位号 状态 备注
1 1013193   210131935   第一样本阅览室/ [索取号:D5-53/217] 在馆    
2 1013194   210131944   教育系资料室/ [索取号:D5-53/217] 在馆    
3 1013195   210131953   教育系资料室/ [索取号:D5-53/217] 在馆    
4 1013196   210131962   教育系资料室/ [索取号:D5-53/217] 在馆    
5 1013197   210131971   第一借阅区/ [索取号:D5-53/217] 在馆    
6 1013198   210131980   第一借阅区/ [索取号:D5-53/217] 在馆    
唐山师范学院图书馆 欢迎您!
大连网信软件有限公司© 版权所有